Quantitative techniques (Record no. 5675)

000 -LEADER
fixed length control field 00572nam a2200193 4500
003 - CONTROL NUMBER IDENTIFIER
control field OSt
005 - DATE AND TIME OF LATEST TRANSACTION
control field 20220531084927.0
008 - FIXED-LENGTH DATA ELEMENTS--GENERAL INFORMATION
fixed length control field 220531b ||||| |||| 00| 0 eng d
020 ## - INTERNATIONAL STANDARD BOOK NUMBER
International Standard Book Number 0706987454
040 ## - CATALOGING SOURCE
Transcribing agency ALUPE UNIVERSITY
050 ## - LIBRARY OF CONGRESS CALL NUMBER
Classification number QA276
Item number .K68 2011
100 ## - MAIN ENTRY--PERSONAL NAME
Personal name Kothari,C.R.
245 ## - TITLE STATEMENT
Title Quantitative techniques
Statement of responsibility, etc. By C.R.Kothari
250 ## - EDITION STATEMENT
Edition statement 3rd ed
Remainder of edition statement rev. and enl. ed.
260 ## - PUBLICATION, DISTRIBUTION, ETC.
Place of publication, distribution, etc. New Delhi;
Name of publisher, distributor, etc. Vikas publishing House PVT Ltd.
Date of publication, distribution, etc. c2011
300 ## - PHYSICAL DESCRIPTION
Extent xv, 596p.
Other physical details ills
Dimensions 21cm
650 ## - SUBJECT ADDED ENTRY--TOPICAL TERM
Topical term or geographic name entry element Accounting -- Accounting--Mathematical models
942 ## - ADDED ENTRY ELEMENTS (KOHA)
Source of classification or shelving scheme
Koha item type Book
Suppress in OPAC AB
Holdings
Withdrawn status Lost status Source of classification or shelving scheme Damaged status Not for loan Permanent Location Current Location Shelving location Date acquired Source of acquisition Total Checkouts Full call number Barcode Date last seen Price effective from Koha item type Public note
          AU LIBRARY AU LIBRARY Open Shelf 31.05.2022 DONATION FROM MOI UNIVERSITY   QA276 .K68 2011 28011917 31.05.2022 31.05.2022 Book AB

Powered by Koha